The theory of interest rates ; proceedings of a conference held by the International Economic Association /

Bibliographic Details
Corporate Authors: Conference on the Theory of Interest and Money Royaumont, France, International Economic Association
Other Authors: Hahn, Frank, Brechling, Frank P. R.
Format: Conference Proceeding Book
Language:English
Published: London : New York : Macmillan; St. Martin's Press, 1965.
Subjects:

MARC

Tag First Indicator Second Indicator Subfields
LEADER 00000cam a2200000 4500
001 in00000075442
005 20151008052641.0
008 720414s1965 enk b 00000 eng u
010 |a  64019802  
035 |a (OCoLC)00284573 
035 |9 AAH4297AM 
040 |c CSU  |d TXA  |d UtOrBLW 
049 |a TXAM  |c 2 [469514]  
050 0 |a HB539  |b .C764 1962 
092 |a 332.67063  |b C748, 1962 
111 2 |a Conference on the Theory of Interest and Money  |d (1962 :  |c Royaumont, France) 
245 1 4 |a The theory of interest rates ;  |b proceedings of a conference held by the International Economic Association /  |c Edited by F. H. Hahn and F. P. R. Brechling. 
264 1 |a London :  |b Macmillan;  |a New York :  |b St. Martin's Press,  |c 1965. 
300 |a xv,364p :  |b illustrations ;  |c 23cm. 
336 |a text  |b txt  |2 rdacontent 
337 |a unmediated  |b n  |2 rdamedia 
338 |a volume  |b nc  |2 rdacarrier 
504 |a Bibliography: pages 239-241. Bibliographical footnotes. 
650 0 |a Interest. 
700 1 |a Hahn, Frank. 
700 1 |a Brechling, Frank P. R. 
710 2 |a International Economic Association. 
999 |a MARS 
999 f f |s 30e6eb15-39f7-3957-a41e-57fb4f934669  |i db9a93c5-4915-368b-9807-6d7e3593ab5b  |t 0 
952 f f |p ric  |a Texas A&M University  |b Rellis Campus  |c Joint Library Facility  |d Remote Storage  |t 0  |e HB539 .C764 1962  |h Library of Congress classification  |i unmediated -- volume  |m A14800737450 
998 f f |a HB539 .C764 1962  |t 0  |l Remote Storage